000 00443nam a2200157Ia 4500
008 130318s9999 xx 000 0 und d
020 _a8170368243
082 _a658.40353 KAA/L
100 _aKaagan, Stephen S
245 _aLeadership games: Experiential learning for organizational development
260 _bResponse Books
_aNew Delhi
_c1999
300 _a186
650 _aDECISION MAKING
650 _aEXECUTIVE MANAGEMENT
650 _aGAMES
999 _c638
_d638